<?xml version="1.0" encoding="UTF-8"?><?xml-stylesheet type="text/xsl" href="static/style.xsl"?><OAI-PMH xmlns="http://www.openarchives.org/OAI/2.0/" xmlns:xsi="http://www.w3.org/2001/XMLSchema-instance" xsi:schemaLocation="http://www.openarchives.org/OAI/2.0/ http://www.openarchives.org/OAI/2.0/OAI-PMH.xsd"><responseDate>2026-04-27T19:49:14Z</responseDate><request verb="GetRecord" identifier="oai:uvadoc.uva.es:10324/2533" metadataPrefix="marc">https://uvadoc.uva.es/oai/request</request><GetRecord><record><header><identifier>oai:uvadoc.uva.es:10324/2533</identifier><datestamp>2021-11-10T13:45:30Z</datestamp><setSpec>com_10324_1175</setSpec><setSpec>com_10324_931</setSpec><setSpec>com_10324_894</setSpec><setSpec>col_10324_1356</setSpec></header><metadata><record xmlns="http://www.loc.gov/MARC21/slim" xmlns:doc="http://www.lyncode.com/xoai" xmlns:xsi="http://www.w3.org/2001/XMLSchema-instance" xmlns:dcterms="http://purl.org/dc/terms/" xsi:schemaLocation="http://www.loc.gov/MARC21/slim http://www.loc.gov/standards/marcxml/schema/MARC21slim.xsd">
<leader>00925njm 22002777a 4500</leader>
<datafield tag="042" ind1=" " ind2=" ">
<subfield code="a">dc</subfield>
</datafield>
<datafield tag="720" ind1=" " ind2=" ">
<subfield code="a">Blasco Pascual, Francisco Javier</subfield>
<subfield code="e">author</subfield>
</datafield>
<datafield tag="260" ind1=" " ind2=" ">
<subfield code="c">2005</subfield>
</datafield>
<datafield tag="520" ind1=" " ind2=" ">
<subfield code="a">Lectura de los cuentos de perro y de loco en el Quijote de 1615 como respuesta al loco de Avellaneda, en quien podría leerse un ridículo retrato cervantino trazado por la mano del autor apócrifo</subfield>
</datafield>
<datafield tag="024" ind2=" " ind1="8">
<subfield code="a">ed. Javier San José Lera</subfield>
</datafield>
<datafield tag="024" ind2=" " ind1="8">
<subfield code="a">84-7800-490-4</subfield>
</datafield>
<datafield tag="024" ind2=" " ind1="8">
<subfield code="a">http://uvadoc.uva.es/handle/10324/2533</subfield>
</datafield>
<datafield tag="024" ind2=" " ind1="8">
<subfield code="a">95</subfield>
</datafield>
<datafield tag="024" ind2=" " ind1="8">
<subfield code="a">118</subfield>
</datafield>
<datafield ind1=" " ind2=" " tag="653">
<subfield code="a">Fernández de Avellaneda, Alonso. Segundo tomo del ingenioso hidalgo don Quijote de la Mancha-Crítica e interpretación</subfield>
</datafield>
<datafield ind1=" " ind2=" " tag="653">
<subfield code="a">Cervantes Saavedra, Miguel de (1547-1616) - Crítica e interpretación</subfield>
</datafield>
<datafield tag="245" ind1="0" ind2="0">
<subfield code="a">Un retrato de Miguel de Cervantes en el Quijote de Avellaneda y la respuesta cervantina: los cuentos "de loco y de perro" en el prólogo del Quijote de 1615</subfield>
</datafield>
</record></metadata></record></GetRecord></OAI-PMH>